Statistiken für Harry Potter Quiz: Elemente & Wappentiere

Klicken Sie hier um das Quiz zu spielen!

Allgemein

  • Dieses Quiz wurde 213 mal gespielt
  • Das Durchschnittsergebnis liegt bei 7 aus 8

Antwortstatistiken

HausElement/ TierAntwort% Korrekt
SlytherinWappentierSchlange
97%
GryffindorWappentierLöwe
95%
RavenclawWappentierAdler/ Rabe
94%
HufflepuffWappentierBär/ Dachs
85%
GryffindorElementFeuer
79%
HufflepuffElementErde
75%
SlytherinElementWasser
75%
RavenclawElementLuft
73%

Verteilung der Resultate

Perzentil nach korrekt beantworteten Fragen

Anzahl Personen mit jedem Resultat

Ihre Resultats-Entwicklung

Sie haben dieses Quiz noch nicht gespielt